Logo CIB grande

TECNOLOGIAS TERMICAS PARA EL PROCESADO DE LOS ALIMENTOS (Registro nro. 229982)

Detalles MARC
000 -LEADER
campo de control de longitud fija 00756nam a2200277Ia 4500
005 - FECHA Y HORA DE LA ÚLTIMA TRANSACCIÓN
campo de control 20250425162455.0
008 - DATOS DE LONGITUD FIJA--INFORMACIÓN GENERAL
campo de control de longitud fija 250425s9999 xx 000 0 und d
020 ## - NÚMERO INTERNACIONAL ESTÁNDAR DEL LIBRO
Número Internacional Estándar del Libro 8420010421
041 ## - CÓDIGO DE IDIOMA
Código de lengua del texto/banda sonora o título independiente spa
082 ## - NÚMERO DE LA CLASIFICACIÓN DECIMAL DEWEY
Número de clasificación 664.028
010 ## - NÚMERO DE CONTROL DE LA BIBLIOTECA DEL CONGRESO
Número de control de LC 76536
100 ## - ENTRADA PRINCIPAL--NOMBRE DE PERSONA
Nombre de persona RICHARDSON, PHILIP
245 #0 - MENCIÓN DEL TÍTULO
Título TECNOLOGIAS TERMICAS PARA EL PROCESADO DE LOS ALIMENTOS
250 ## - MENCION DE EDICION
Mención de edición 1A ED.
260 ## - PUBLICACIÓN, DISTRIBUCIÓN, ETC.
Lugar de publicación, distribución, etc. España
Nombre del editor, distribuidor, etc. ACRIBIA
Fecha de publicación, distribución, etc. 2004
260 ## - PUBLICACIÓN, DISTRIBUCIÓN, ETC.
Lugar de publicación, distribución, etc. ZARAGOZA
300 ## - DESCRIPCIÓN FÍSICA
Extensión 311
500 ## - NOTA GENERAL
Nota general Consultar inv. 39678 en BIBTEC
500 ## - NOTA GENERAL
Nota general Título Traducido: THERMAL TECHNOLOGIES IN FOOD PROCESSING
650 ## - PUNTO DE ACCESO ADICIONAL DE MATERIA--TÉRMINO DE MATERIA
Término de materia o nombre geográfico como elemento de entrada CALENTAMIENTO
650 ## - PUNTO DE ACCESO ADICIONAL DE MATERIA--TÉRMINO DE MATERIA
Término de materia o nombre geográfico como elemento de entrada ELABORACION DE ALIMENTOS
650 ## - PUNTO DE ACCESO ADICIONAL DE MATERIA--TÉRMINO DE MATERIA
Término de materia o nombre geográfico como elemento de entrada PROCESOS TERMICOS
650 ## - PUNTO DE ACCESO ADICIONAL DE MATERIA--TÉRMINO DE MATERIA
Término de materia o nombre geográfico como elemento de entrada TEMPERATURA
650 ## - PUNTO DE ACCESO ADICIONAL DE MATERIA--TÉRMINO DE MATERIA
Término de materia o nombre geográfico como elemento de entrada TRATAMIENTO TERMICO
942 ## - ELEMENTOS DE ENTRADA SECUNDARIOS (KOHA)
Tipo de ítem Koha Libros
Existencias
Estatus retirado Estado de pérdida Estado de daño No para préstamo Biblioteca de origen Biblioteca actual Fecha de adquisición Coste, precio normal de compra Total de préstamos Código de barras Copia número Tipo de ítem Koha
        CENTRO DE INFORMACIÓN BIBLIOTECARIA CENTRO DE INFORMACIÓN BIBLIOTECARIA 09/02/2011 176.00   39678 1 Libros

Copyright 2025 ESPOL. Todos los derechos reservados.